| 000 | 02140njm a2200349 a 4500 | ||
|---|---|---|---|
| 003 | BLK | ||
| 005 | 20250301005548.0 | ||
| 007 | sz bmmelaaahaa | ||
| 008 | 241008b bul |a|er|||| |0| c|bulo| | ||
| 028 | _a8 25 969 | ||
| 040 | _aBLK | ||
| 041 |
_aDEU _cDEU |
||
| 080 |
_aОпера. Музикална драма. Романтична опера. Опера-приказка _b782.1 _x(086.7) _z782.1(086.7) |
||
| 080 |
_aКомедии _b791.221.2 _x(086.7) _z791.221.2(086.7) |
||
| 100 | 1 |
_923979 _aSchwaen, Kurt |
|
| 245 |
_aLeonce und Lena : Eine heitere Oper nach dem Lustspiel von Georg Büchner _cKurt Schwaen, Georg Büchner et all. ; Kammerorchester der Staatskapelle Berlin ; dir. Rudolf Neuhaus. |
||
| 260 |
_aBerlin _9210744 _bDeutsche Schallplatten _c[1969] |
||
| 300 |
_a1 грамофонна плоча _b33 об/мин, стерео _c30 см |
||
| 380 | _a7 | ||
| 490 |
_aEterna _9493861 |
||
| 490 |
_9494075 _aUnsere neue Musik _v38 |
||
| 500 | _aVorspiel/ 1. Bild (Ein Garten) Mein Herr, Was Wollen Sie Von Mir? 5:40 A2 2. Bild (Ein Zimmer) Der Mensch Muß Denken 4:30 A3 3. Bild (Ein Reichgeschmückter Saal. Kerzen Brennen) Leonce! Rosetta! 10:20 A4 4. Bild (Ein Garten. Prinzessin Lena Im Brautschmuck) Ja, Jetzt, Da Ist Es 6:35 B1 6. Bild (Das Wirtshaus Auf Einer Anhöhe, An Einem Fluß. Weite Aussicht. Der Garten Vor Demselben) Ach, Valerio, Ich Bin So Jung, Und Die Welt Ist So Alt 9:05 B2 7. Bild (Ein Zimmer) Denken Sie Nicht An Den Menschen 1:50 B3 8. Bild (Der Garten. Nacht Und Mondschein) O Nacht, O Nacht 6:25 B4 10. Bild (Großer Saal) Also Auch Die Prinzessin Ist Verschwunden 10:20 | ||
| 511 | _aFred Praski - König Peter ; Hans Joachim Rotzsch - Prinz Leonce ; Renate Hoff - Prinzessin Lena [et al.] | ||
| 520 | _aNagrano w 1968 r. | ||
| 650 | 0 |
_9315976 _aОпера, комична |
|
| 700 | 1 |
_96344 _aBuchner, Georg |
|
| 700 |
_9493972 _aNeuhaus, Rudolf |
||
| 710 |
_9495528 _aKammerorchester der Staatskapelle Berlin |
||
| 852 |
_aФ II 3301 _bЦб |
||
| 942 |
_cGPL _n0 |
||
| 944 |
_cСевдалина Тодорова _k _lCRON CRON _a30540 |
||
| 999 |
_c519843 _d519843 |
||